Pays ayant le plus de médecins par habitant - Statistiques

Statistiques générales
  • Ce quiz a été pris 80 fois
  • Le résultat moyen est 11 sur 20
Statistiques - réponses
Médecins /
1000 Habitants
Pays % Correct
4.48 Suisse
83%
4.41 Suède
81%
4.98 Norvège
80%
4.53 Allemagne
74%
6.53 Belgique
70%
7.24 Danemark
69%
8.61 Monaco
69%
5.11 Russie
69%
5.52 Autriche
61%
5.07 Andorre
59%
5.85 Portugal
59%
6.58 Grèce
54%
4.63 Saint-Marin
49%
7.86 Malte
43%
6.1 Lituanie
39%
9.54 Cuba
31%
4.72 Biélorussie
26%
5.11 Argentine
24%
5.64 Géorgie
16%
4.67 Uruguay
11%
Aucun quiz correspondant
Distribution des résultats
% des personnes avec chaque résultat
Percentile par nombre de réponses
Votre historique - résultats
Vous n’avez pas pris ce quiz